Relación de la solemne función del Corpus que se celebra en esta ciudad de Valencia. (Record no. 49035)

MARC details
000 -LEADER
campo de control de longitud fija 00473nam a2200145 i 4500
001 - NÚMERO DE CONTROL
campo de control 49035
003 - IDENTIFICADOR DE NÚMERO DE CONTROL
campo de control ES-MaACL
005 - FECHA Y HORA DE LA ÚLTIMA TRANSACCIÓN
campo de control 20230906161853.0
007 - CAMPO FIJO DE DESCRIPCIÓN FÍSICA--INFORMACIÓN GENERAL
campo de control de longitud fija t|
008 - DATOS DE LONGITUD FIJA--INFORMACIÓN GENERAL
campo de control de longitud fija 030704q18001899sp ||||1| spa d
245 00 - MENCIÓN DEL TÍTULO
Título Relación de la solemne función del Corpus que se celebra en esta ciudad de Valencia.
260 ## - PUBLICACIÓN, DISTRIBUCIÓN, ETC.
Lugar de publicación, distribución, etc. [Valencia :
Nombre del editor, distribuidor, etc. Librería de Rafael Mariana y Mompié,
Fecha de publicación, distribución, etc. 18--] (
Fabricante Imp. de la viuda de Ayoldi)
300 ## - DESCRIPCIÓN FÍSICA
Extensión 16 p. ;
Dimensiones 16 cm.
852 ## - LOCALIZACIÓN
Ubicación ES-MaACL
Número de control de estantería Fol-Laf-547
Holdings
Estatus retirado Estado de pérdida Estado de daño No para préstamo Colección Biblioteca de origen Biblioteca actual Ubicación en estantería Fecha de adquisición Fuente de adquisición Total de préstamos Signatura topográfica completa Código de barras Visto por última vez Precio de reemplazo Tipo de ítem Koha
        Colección de folletos Biblioteca del Ateneo de Madrid Biblioteca del Ateneo de Madrid Depósito folletos 17/01/2008     Fol-Laf-547 1051602 23/02/2023 23/02/2023 Folleto